USA Olympic Gold Medal Wrestlers - Statistics

General Stats
  • This quiz has been taken 40 times
  • The average score is 13 of 55
Answer Stats
Olympic Year Wrestler % Correct
2012 Jordan Burroughs
75%
1988 John Smith
71%
1992 John Smith
71%
2016 Kyle Snyder
64%
2004 Cael Sanderson
57%
1972 Dan Gable
57%
1952 William Smith
57%
2020 David Taylor
50%
2020 Gable Steveson
46%
1996 Kurt Angle
46%
1984 Dave Schultz
32%
1948 Glen Brand
32%
2008 Henry Cejudo
32%
1992 Kevin Jackson
32%
2000 Rulon Gardner
32%
2012 Jake Varner
29%
1984 Mark Schultz
29%
1996 Tom Brands
29%
2016 Helen Maroulis
25%
1988 Kenny Monday
25%
1984 Bruce Baumgartner
21%
1992 Bruce Baumgartner
21%
1996 Kendall Cross
21%
2020 Tamyra Mensah-Stock
18%
1972 Ben Peterson
14%
2000 Brandon Slay
14%
1984 Ed Banach
14%
1976 John Peterson
14%
1984 Lou Banach
14%
1904 Benjamin Bradshaw
11%
1984 Bobby Weaver
11%
1936 Frank Lewis
11%
1984 Jeff Blatnick
11%
1984 Randall Lewis
11%
1972 Wayne Wells
11%
1928 Allie Morrison
7%
1920 Charles Ackerly
7%
1960 Douglas Blubaugh
7%
1908 George Dole
7%
1904 George Mehnert
7%
1908 George Mehnert
7%
1924 Harry Steel
7%
1948 Henry Wittenberg
7%
1932 Jack van Bebber
7%
1924 John Spellman
7%
1904 Otto Roehm
7%
1932 Peter Mehringer
7%
1904 Robert Curry
7%
1932 Robert Pearce
7%
1924 Robin Reed
7%
1924 Russell Vis
7%
1960 Shelby Wilson
7%
1984 Steve Fraser
7%
1960 Terrence McCann
7%
1904 Isidor Niflot
4%
No matching quizzes found
Score Distribution
Percent of People with Each Score
Percentile by Number Answered
Your Score History
You have not taken this quiz